000 00530nam a2200181Ia 4500
003 Ost
005 20260507074850.0
008 260507s9999||||xx |||||||||||||| ||und||
040 _cfsecg
041 _aara
082 _a330
100 _aحنا، بدوي
_eمؤلف
245 0 _aعقاري :
_b دراسات ونصوص /
_c بدوي حنا
260 _aبيروت:
_bمنشورات الحلبي الحقوقية,
_c1998
300 _a631 صفحة؛
_bإيضاحات ؛
_c24 سم
653 _aعقاري
942 _cكتاب
999 _c41560
_d41560